000 00635nam a2200193Ia 4500
003 GCL
008 140319s9999 xx 000 0 ara d
040 _aGCL /
_cGCL
082 0 4 _a233.1
_bع م
100 1 _aعثمان موافى
245 1 0 _aمنهج النقد التاريخى: الاسلامى والمنهج الاوربى /
_cعثمان موافى
260 _a[S.N] :
_bمؤسسة الثقافةالجامعية للطبع والنشر ،
_c1986
300 _a328 ص
490 _a
650 0 4 _aالفلسفة الاسلامية
650 0 4 _aعلم الرواية
650 0 4 _aالاستدلال
942 _2ddc
_cBK
999 _c28712
_d28712